|
|
|
|
| LEADER |
00000nab a2200000ua 4500 |
| 001 |
vtls010841705 |
| 003 |
SK-MaSNL |
| 005 |
20260303135841.0 |
| 008 |
230218s1960 xo |||||||||||||||||slo| |
| 035 |
|
|
|a (urnnbn)urn:nbn:sk:snk:ar-a06yo3
|
| 035 |
|
|
|a urn:nbn:sk:snk-ab6470
|
| 035 |
|
|
|a (uuid)22891d0d-edbd-4122-bbd9-20dff9942257
|
| 040 |
|
|
|a SNKBUCL
|b slo
|c SNKBUCL
|e AACR2
|
| 041 |
0 |
|
|a slo
|
| 044 |
|
|
|a xo
|c SK
|
| 100 |
1 |
|
|a Borza, Karol,
|d 1932-1985
|4 aut
|9 39798
|
| 245 |
1 |
0 |
|a HORNINY SO SILIKÁTOVÝMI OOLITMI V RÉTE A SPODNOM LIASE BELANSKÝCH TATIER A MASÍVU ŠIROKEJ
|c Karol Borza, Milan Mišík, Rudolf Kúšik, V. Dlabačová, V. S. Andrusovoj
|
| 700 |
1 |
|
|a Mišík, Milan,
|d 1928-2011
|4 aut
|9 108738
|
| 700 |
1 |
|
|a Kúšik, Rudolf
|4 aut
|9 398111
|
| 700 |
1 |
|
|a Dlabačová, Vlasta
|4 trl
|9 80148
|
| 700 |
1 |
|
|a V. S. Andrusovoj
|4 trl
|9 1157599
|
| 773 |
0 |
|
|t Geologický sborník
|g Roč. 11, č. 2 (1960), s. 179-[298]
|
| 954 |
|
|
|a odborná, vedecká literatúra pôvodná (slovenská)
|2 lita
|
| 958 |
|
|
|a OND
|
| 958 |
|
|
|a EUIPO
|
| 958 |
|
|
|a article5
|
| 999 |
|
|
|c 1968347
|d 1970277
|